00674nam a2200241 a 4500001001300000003000900013005001700022008004100039020001000080082001400090100002000104245002700124260003500151300000900186500003500195505001000230650002500240700002000265902000800285942000700293952011500300999001700415nice12345678IN_TiNIC20260116013641.0050524s1947 n.ya grp 000 0 eng  ac10000a291bBER1 aBerry, Gerald L aReligions of the World aN.YorkbBarnes and Noblec1947 a136p aincludes index and biblioraphy2 aIndex aComparative Religion1 aBerry, Gerald L bSRS cBK 001040708StackRoom-aHMIbHMId2007-09-12g100.00l0o291 BER1p016528r2007-09-12v100.00w2005-05-24yBK c11809d11809